Nano Technology / (رقم التسجيلة. 31306)

تفاصيل مارك
000 -الفاتح
حقل البيانات ثابتة الطول 00576nam a22002057a 4500
003 - محدد رقم الضبط
رقم الضبط OSt
005 - وقت وتاريخ اخر تعامل مع التسجيلة
رقم الضبط 20150408114143.0
008 - عناصر البيانات ثابتة الطول - معلومات عامة
حقل البيانات ثابتة الطول 130805s2013 ii a f b 001 0 eng d
020 ## - الرقم الدولى المعيارى للكتب
الرقم الدولى المعيارى للكتاب 9789382226055
040 ## - مصدر الفهرسة
وكالة الفهرسة الأصلية Ma-Un
لغة الفهرسة eng
082 04 - رقم تصنيف ديوى العشرى
رقم الطبعة 22
رقم التصنيف 620.5
رقم المادة MAN
100 1# - المدخل الرئيسى - إسم شخصى
الإسم الشخصى MCmichael, Allan
9 (RLIN) 37757
245 10 - بيان العنوان
العنوان Nano Technology /
بيان المسئوليه,etc Allan Mcmichael.
260 ## - PUBLICATION, DISTRIBUTION, ETC. (IMPRINT)
مكان الناشر او الموزع New Delhi :
اسم الناشر او الموزع Random exports,
تاريخ النشر أو التوزيع 2013.
300 ## - الوصف المادى
التعداد 304 p. :
تفاصيل ماديه اخرى للوعاء ill ;
أبعاد الوعاء 24 cm.
500 ## - تبصرة عامة
تبصرة عامة includes index.
504 ## - تبصرة ببليوجرافية
تبصرة ببليوجرافية,الخ Includes bibliographical references.
650 #4 - المدخل الاضافى بالموضوع-مصطلح موضوعى
مصطلح موضوعي أو اسم جغرافي كعنصر مدخل Nanotechnology
9 (RLIN) 38009
942 ## -
-- ddc
-- BOOK
999 ## -
-- 31306
-- 265806
المقتنيات
حالة الفقد نموذج السعر الفعال حالة تلف ليس للاعارة رقم الطلب رقم النسخة تاريخ الاكتساب Serial Enumeration / chronology الباركود الفرع الرئيسي Date last seen نوع المادة فى نظام كوها مصدر التصنيف او خطة الترفيف Total Checkouts Date last checked out
  2013-10-17   Not For Loan 620.5 MAN 1 2013-10-17 CL 00206995 المكتبة المركزية بالمجمعة (CL) 2013-10-17 كتاب Dewey Decimal Classification    
  2013-10-17     620.5 MAN 2 2013-10-17 CL 00206994 المكتبة المركزية بالمجمعة (CL) 2018-05-07 كتاب Dewey Decimal Classification 1 2017-11-30
  2013-10-17     620.5 MAN 3 2013-10-17 CL 00206993 المكتبة المركزية بالمجمعة (CL) 2013-10-17 كتاب Dewey Decimal Classification    
  2013-10-17   Not For Loan 620.5 MAN 1 2013-10-17 SZM 00206992 مكتبة مجمع الكليات بالزلفى - طلاب (SZM) 2019-11-05 كتاب Dewey Decimal Classification 1 2019-10-30
  2013-10-17     620.5 MAN 2 2013-10-17 SZM 00206042 مكتبة مجمع الكليات بالزلفى - طلاب (SZM) 2013-10-17 كتاب Dewey Decimal Classification